| 000 | 00551nam a22001457a 4500 | ||
|---|---|---|---|
| 008 | 160107b xxu||||| |||| 00| 0 eng d | ||
| 020 | _a9788131301432 | ||
| 050 | _aLB 1131 .S35 2010 | ||
| 100 |
_aSingh, Kumar Yogesh. _d2010 |
||
| 245 |
_aEducational and Mental Measurement. _cDr.Yogesh Kumar Singh |
||
| 260 |
_aNew Delhi _bA P H Publishing _c2010 |
||
| 300 | _a360p;ill | ||
| 600 | _2Modified Syllabus of Indian Universities/B.Ed Training institutes and Colleges/Department of Education. | ||
| 942 |
_2lcc _cBOOKS _hLB 1131 .S35 2010 _01 |
||
| 999 |
_c10978 _d10978 |
||